000 00909nam a22002417a 4500
005 20170123164141.0
010 _aA-873498
020 _c75.00
035 _aA-873498
040 _aDPL
_bPN
082 _bਸਿਆਸ
_a
100 _aਦੀਪਤੀ, ਸ਼ਿਅਾਮ ਸੁੰਦਰ
_96739
245 _aਤਾਜ ਤੋਂ ਫੁਟਪਾਥ ਤਕ /
_c ਸ਼ਿਅਾਮ ਸੁੰਦਰ ਦੀਪਤੀ
246 _aTaj to footpath tak
_b by shayam sundar deepti
260 _aਅਮਿ੍ਤਸਰ
_bਨਾਨਕ ਪੁਸਤਕ ਮਾਲਾ
_c1997
270 _a5, ਸਿਟੀ ਸੈਂਟਰ,
_bਅਮਿ੍ਤਸਰ
300 _a112p.
_c23cm
650 _aਪੰਜਾਬੀ ਕਹਾਣੀਅਾਂ
_9114828
650 _aਪੰਜਾਬੀ ਸਾਹਿਤ
_9114829
650 _aPunjabi stories
_96279
650 _aPunjabi Literature
_9781
942 _2ddc
_cPN
_h
_mਸਿਆਸ
999 _c109666
_d109666